Indian Notices to Mariners (Record no. 2118)
[ view plain ]
| 000 -LEADER | |
|---|---|
| fixed length control field | 00456nam a2200157Ia 4500 |
| 008 - FIXED-LENGTH DATA ELEMENTS--GENERAL INFORMATION | |
| fixed length control field | 191121s9999||||xx |||||||||||||| ||und|| |
| 082 ## - DEWEY DECIMAL CLASSIFICATION NUMBER | |
| Classification number | 387.44 |
| Item number | NHO |
| 100 ## - MAIN ENTRY--PERSONAL NAME | |
| Personal name | National Hydrographic Office |
| 245 #0 - TITLE STATEMENT | |
| Title | Indian Notices to Mariners |
| 250 ## - EDITION STATEMENT | |
| Edition statement | 2004, 2005, 2006 and 2007 |
| 260 ## - PUBLICATION, DISTRIBUTION, ETC. (IMPRINT) | |
| Name of publisher, distributor, etc | National Hydrographic Office |
| Place of publication, distribution, etc | Dehradoon |
| Date of publication, distribution, etc | 2004, 2005, 2006, 2007 |
| 300 ## - PHYSICAL DESCRIPTION | |
| Extent | 110p. |
| 650 ## - SUBJECT ADDED ENTRY--TOPICAL TERM | |
| Topical term or geographic name as entry element | Aids to navigation |
| 650 ## - SUBJECT ADDED ENTRY--TOPICAL TERM | |
| Topical term or geographic name as entry element | Notices to mariners |
| 942 ## - ADDED ENTRY ELEMENTS (KOHA) | |
| Item type | Books |
| Withdrawn status | Lost status | Source of classification or shelving scheme | Damaged status | Not for loan | Collection code | Permanent location | Current location | Shelving location | Date acquired | Full call number | Barcode | Date last seen | Koha item type | Public note | Total Checkouts | Date last borrowed |
|---|---|---|---|---|---|---|---|---|---|---|---|---|---|---|---|---|
| Non-fiction | IMU-MPC Library | IMU-MPC Library | General Stacks | 2019-11-21 | 387.44 NHO | LBSD1771 | 2025-03-17 | Books | Column-5 | |||||||
| Non-fiction | IMU-MPC Library | IMU-MPC Library | General Stacks | 2022-06-29 | 387.44 NHO | LBSD1710 | 2025-03-17 | Books | Column-5 | |||||||
| Non-fiction | IMU-MPC Library | IMU-MPC Library | General Stacks | 2022-06-29 | 387.44 NHO | LBS12443 | 2025-03-17 | Books | Column-5 | 1 | 2022-12-28 | |||||
| Non-fiction | IMU-MPC Library | IMU-MPC Library | General Stacks | 2022-06-29 | 387.44 NHO | LBSD1852 | 2025-03-17 | Books | Column-5 | |||||||
| Non-fiction | IMU-MPC Library | IMU-MPC Library | General Stacks | 2022-06-29 | 387.44 NHO | LBSD2434-1 | 2022-06-29 | Books | Column-5 |


